00509nam a22001577a 450000500170000001000150001702000260003203500140005803700130007208200130008524500810009826000470017927000800022630000260030670000190033220220530154526.0 aENG-132889 a9789352808373c295.00 aEN-116421 bDBAD/PUB a954.0841 aInquilab:bBhagat Singh on Religion and Revolution/cEdited by S Irfan Habib aNew DelhibSage Publications Pvt Ltdc2018 aB-1/I-1, Mohan Cooperative Industrial Area Mathura Road,bNew Delhie110044 axxi, 192p.c22cm(pbk) aHabib, S Irfan